Social inequality : Patterns and processes
This text provides an introduction to key concepts, current research findings, and theories in social inequality. While focusing primarily on social class, it also deals broadly with other forms of social inequality, including racial/ethnic, gender, and political. In dealing with the various dimensi...
Đã lưu trong:
| Príomhúdar: | |
|---|---|
| Formáid: | Leabhar |
| Teanga: | Undetermined |
| Foilsithe: |
Boston
McGraw-Hill
2008
|
| Ábhair: | |
| Clibeanna: |
Cuir Clib Leis
Gan Chlibeanna, Bí ar an gcéad duine leis an taifead seo a chlibeáil!
|
| Thư viện lưu trữ: | Trung tâm Học liệu Trường Đại học Cần Thơ |
|---|
| LEADER | 00906nam a2200205Ia 4500 | ||
|---|---|---|---|
| 001 | CTU_187045 | ||
| 008 | 210402s9999 xx 000 0 und d | ||
| 082 | |a 305 | ||
| 082 | |b M328 | ||
| 100 | |a Marger, Martin N. | ||
| 245 | 0 | |a Social inequality : | |
| 245 | 0 | |b Patterns and processes | |
| 245 | 0 | |c Martin N. Marger | |
| 260 | |a Boston | ||
| 260 | |b McGraw-Hill | ||
| 260 | |c 2008 | ||
| 520 | |a This text provides an introduction to key concepts, current research findings, and theories in social inequality. While focusing primarily on social class, it also deals broadly with other forms of social inequality, including racial/ethnic, gender, and political. In dealing with the various dimensions of inequality, the book explains how they overlap and interrelate. | ||
| 650 | |a Social classes,Giai cấp xã hội | ||
| 910 | |a Hải | ||
| 980 | |a Trung tâm Học liệu Trường Đại học Cần Thơ | ||